header

Advances in multiple criteria decision making and human systems management (Record no. 234594)

MARC details
000 -LEADER
fixed length control field 01395nam a22003374a 4500
082 04 - DEWEY DECIMAL CLASSIFICATION NUMBER
Classification number 658.4/03
245 00 - TITLE STATEMENT
Title Advances in multiple criteria decision making and human systems management
260 ## - PUBLICATION, DISTRIBUTION, ETC. (IMPRINT)
Place of publication Amsterdam ;
-- Washington, DC :
Name of publisher IOS Press,
Year of publication c2007.
300 ## - PHYSICAL DESCRIPTION
Number of Pages xiv, 405 p. :
Other physical details ill.
650 #0 - SUBJECT ADDED ENTRY--TOPICAL TERM
Topical Term Multiple criteria decision making.
Topical Term System theory.
700 1# - ADDED ENTRY--PERSONAL NAME
Personal name Zeleny, Milan,
Personal name Shi, Yong,
Personal name Olson, David Louis.
Personal name Stam, Antonie.
856 40 - ELECTRONIC LOCATION AND ACCESS
Uniform Resource Identifier http://site.ebrary.com/lib/rucke/Doc?id=10186849

No items available.

© 2026 Rongo University
Contact us: librarian | system librarian | Rongo university